LEADER 01013nam0-2200349---450 001 990009358220403321 005 20170516115319.0 010 $a978-1-4200-5558-0 035 $a000935822 035 $aFED01000935822 035 $a(Aleph)000935822FED01 035 $a000935822 100 $a20110511d2009----km-y0itay50------ba 101 0 $aeng 102 $aUS 105 $aa-------001yy 200 1 $aAdvances in deep-fat frying of foods$fedited by Serpil Sahin, Servet Gülüm Sumnu 210 $aBoca Raton$cCRC Press$dc2009 215 $aXVIII, 310 p.$cill.$d25 cm 225 1 $aContemporary food engineering 610 0 $aAlimenti$aAnalisi 610 0 $aAlimenti$aComposizione 676 $a641.77$v20$zita 702 1$aSahin,$bSerpil 702 1$aSumnu,$bServit Gulum 801 0$aIT$bUNINA$gRICA$2UNIMARC 901 $aBK 912 $a990009358220403321 952 $a60 641.77 B 1$b12600$fFAGBC 959 $aFAGBC 996 $aAdvances in deep-fat frying of foods$9768384 997 $aUNINA LEADER 02849nas 2200565 n 450 001 990008900290403321 005 20240229084332.0 011 $a0183-2999 035 $a000890029 035 $aFED01000890029 035 $a(Aleph)000890029FED01 035 $a000890029 091 $2CNR$aP 00050896 100 $a20161109b18441899km-y0itaa50------ba 101 0 $afre 102 $aFR 110 $aauu-------- 200 1 $aAnnuaire de l'economie politique et de la statistique 207 1$a1844-1899 210 $aParis$c[s.n.] 326 $aAnnuale 530 0 $aAnnuaire de l'economie politique et de la statistique 675 $a32 675 $a33 675 $a311 675 $a676.064.1(091)(44) 675 $a31(44) 675 $a338(44) 676 $a676.09 676 $a314.4 676 $a330.944 801 0$aIT$bACNP$c20090723 859 4 $uhttp://acnp.cib.unibo.it/cgi-ser/start/it/cnr/dc-p1.tcl?catno=34585&person=false&language=ITALIANO&libr=&libr_th=unina1$zBiblioteche che possiedono il periodico 901 $aSE 912 $a990008900290403321 958 $aBiblioteca. Dipartimento Matematico Statistico dell'Universitą Federico II. Napoli$b1862;1865-1868;1882-1883;$fMAS 958 $aBiblioteca Centrale della Facoltą di Giurisprudenza dell'Universitą di Napoli Federico II$b1847-1899.$ePer. est. 304$fFGBC 958 $aBiblioteca Centralizzata. Facoltą di Agraria dell'Universitą Federico II di Napoli$b1875;1877;1885-1887;$fFAGBC 958 $aBiblioteca del Dipartimento di Diritto romano e Storia della scienza romanistica "F. De Martino"$b1845;1847;1850;1852-1854;1857-1860;$fDDR 959 $aMAS 959 $aFGBC 959 $aFAGBC 959 $aDDR 996 $aAnnuaire de l'economie politique et de la statistique$9800927 997 $aUNINA AP1 8 $6866-01$aNA036 Biblioteca. Dipartimento Matematico Statistico dell'Universitą Federico II. Napoli$eV. Cintia-Complesso Universitario Monte, 80126 S. Angelo Napoli (NA)$m(081) 675175/76 - 081675011$m081675009$nit AP1 8 $6866-02$aNA073 Biblioteca Centrale della Facoltą di Giurisprudenza dell'Universitą di Napoli Federico II$bPer. est. 304$eCorso Umberto I, 80138 Napoli (NA)$m0812537531/33$m0812537532$nit AP1 8 $6866-03$aNA087 Biblioteca Centralizzata. Facoltą di Agraria dell'Universitą Federico II di Napoli$ev. Universitą, 100 Palazzo Reale, 80055 Portici (NA)$m081-2539322$m081-7760229$nit AP1 8 $6866-04$aNA212 Biblioteca del Dipartimento di Diritto romano e Storia della scienza romanistica "F. De Martino"$evia Paladino 39, 80138 Napoli (NA)$m0812535126$m0812535100$nit AP2 40$aacnp.cib.unibo.it$nACNP Italian Union Catalogue of Serials$uhttp://acnp.cib.unibo.it/cgi-ser/start/it/cnr/df-p.tcl?catno=34585&language=ITALIANO&libr=&person=&B=1&libr_th=unina&proposto=NO LEADER 05930nam 2201261 450 001 9910817183903321 005 20230807210039.0 010 $a0-691-16523-8 010 $a1-4008-6647-2 024 7 $a10.1515/9781400866472 035 $a(CKB)2670000000603037 035 $a(SSID)ssj0001461643 035 $a(PQKBManifestationID)12562028 035 $a(PQKBTitleCode)TC0001461643 035 $a(PQKBWorkID)11478502 035 $a(PQKB)11057226 035 $a(MiAaPQ)EBC1910585 035 $a(StDuBDS)EDZ0001756059 035 $a(OCoLC)966814357 035 $a(MdBmJHUP)muse54679 035 $a(DE-B1597)459961 035 $a(OCoLC)984684129 035 $a(DE-B1597)9781400866472 035 $a(Au-PeEL)EBL1910585 035 $a(CaPaEBR)ebr11035872 035 $a(CaONFJC)MIL753303 035 $a(OCoLC)905601588 035 $a(EXLCZ)992670000000603037 100 $a20150415h20152015 uy 0 101 0 $aeng 135 $aurcnu|||||||| 181 $ctxt 182 $cc 183 $acr 200 10$aWar and democratic constraint $ehow the public influences foreign policy /$fMatthew A. Baum, Philip B. K. Potter 205 $aCourse Book 210 1$aPrinceton, New Jersey :$cPrinceton University Press,$d2015. 210 4$d©2015 215 $a1 online resource (275 ) $cillustrations, tables 300 $aBibliographic Level Mode of Issuance: Monograph 311 $a1-336-22017-1 311 $a0-691-16498-3 320 $aIncludes bibliographical references and index. 327 $tFrontmatter -- $tCONTENTS -- $tList of Figures and Tables -- $tAcknowledgments -- $tChapter 1. Introduction: Looking for Democratic Constraint -- $tChapter 2. Democracies Are Not Created Equal: A Theory of Democratic Constraint -- $tChapter 3. Democratic Constraint, the Democratic Peace, and Conflict Initiation -- $tChapter 4. Looking for Audience Costs in All the Wrong Places: Constraint and Reciprocation -- $tChapter 5. Willing and Politically Able: Democratic Constraint and Coalition Joining -- $tChapter 6. Downs Meets the Press: How Party Systems Shape the News -- $tChapter 7. Coalition Stories: Cases from the Iraq Coalition -- $tChapter 8. Conclusion: Information, Constraint, and Democratic Foreign Policy -- $tReferences -- $tIndex 330 $aWhy do some democracies reflect their citizens' foreign policy preferences better than others? What roles do the media, political parties, and the electoral system play in a democracy's decision to join or avoid a war? War and Democratic Constraint shows that the key to how a government determines foreign policy rests on the transmission and availability of information. Citizens successfully hold their democratic governments accountable and a distinctive foreign policy emerges when two vital institutions-a diverse and independent political opposition and a robust media-are present to make timely information accessible.Matthew Baum and Philip Potter demonstrate that there must first be a politically potent opposition that can blow the whistle when a leader missteps. This counteracts leaders' incentives to obscure and misrepresent. Second, healthy media institutions must be in place and widely accessible in order to relay information from whistle-blowers to the public. Baum and Potter explore this communication mechanism during three different phases of international conflicts: when states initiate wars, when they respond to challenges from other states, or when they join preexisting groups of actors engaged in conflicts.Examining recent wars, including those in Afghanistan and Iraq, War and Democratic Constraint links domestic politics and mass media to international relations in a brand-new way. 606 $aInternational relations$xPublic opinion 606 $aInternational relations$xDecision making$xCitizen participation 606 $aPolitical participation 610 $aAfghanistan invasion. 610 $aDownsian Premise. 610 $aGermany. 610 $aInternet. 610 $aIraq War. 610 $aIraq coalition. 610 $aPoland. 610 $aSpain. 610 $aUnited Kingdom. 610 $aUnited States. 610 $aaudience costs. 610 $acoalition joining. 610 $acommunication. 610 $aconflict behavior. 610 $aconflict initiation. 610 $aconflict reciprocation. 610 $aconflicts. 610 $acredibility. 610 $acrisis bargaining. 610 $ademocracies. 610 $ademocratic constraint. 610 $ademocratic peace. 610 $adomestic politics. 610 $aelectoral institutions. 610 $aelites. 610 $aforeign policy. 610 $agovernment policy. 610 $ainformation. 610 $ainternational relations. 610 $aleaders. 610 $amedia access. 610 $amedia coverage. 610 $amedia. 610 $amilitary conflicts. 610 $amultiparty systems. 610 $anewspapers. 610 $apolitical communication. 610 $apolitical opposition. 610 $apolitical parties. 610 $apress freedom. 610 $aprincipal-agent theory. 610 $apublic opinion. 610 $asatellite television. 610 $athreats. 610 $atroop commitment. 610 $awhistleblowers. 615 0$aInternational relations$xPublic opinion. 615 0$aInternational relations$xDecision making$xCitizen participation. 615 0$aPolitical participation. 676 $a327.1 686 $aPOL011000$aPOL016000$aPOL028000$aSOC052000$2bisacsh 700 $aBaum$b Matthew$f1965-$01106828 702 $aPotter$b Philip B. K. 801 0$bMiAaPQ 801 1$bMiAaPQ 801 2$bMiAaPQ 906 $aBOOK 912 $a9910817183903321 996 $aWar and democratic constraint$94088755 997 $aUNINA